Generátor riešených príkladov z matematiky pre okruh Goniometria
Gespeichert in:
| 1. Verfasser: | |
|---|---|
| Weitere Verfasser: | |
| Format: | Manuskript Buch |
| Sprache: | Slowakisch |
| Veröffentlicht: |
2022
|
| Schlagworte: | |
| Online-Zugang: | http://is.stuba.sk/zp/portal_zp.pl?podrobnosti=148561 |
| Tags: |
Keine Tags, Fügen Sie das erste Tag hinzu!
|
MARC
| LEADER | 00000ntm a22000003a 4500 | ||
|---|---|---|---|
| 001 | stuzp88153 | ||
| 003 | SK-STU | ||
| 005 | 20220625211241.5 | ||
| 007 | ta | ||
| 008 | 150427s2015----xo-----f-mn---000-0-slo-d | ||
| 040 | |a STU |b slo | ||
| 041 | 0 | |a slo | |
| 100 | 1 | |a Sorád, Jakub |u 070200 |4 aut |U FIIT Fakulta informatiky a informačných technológií |T FIIT Ústav informatiky, informačných systémov a softvérového inžinierstva |X 97051 |U I200 |Y 179 |7 97051 | |
| 242 | 0 | 1 | |a Generator of solved mathematical problems in the field of Goniometry |y eng |
| 245 | 1 | 0 | |a Generátor riešených príkladov z matematiky pre okruh Goniometria |
| 260 | |c 2022 | ||
| 650 | 4 | |a Wolfram Mathematica |2 slo | |
| 650 | 4 | |a generátor goniometrických rovníc |2 slo | |
| 650 | 4 | |a goniometrické rovnice |2 slo | |
| 650 | 4 | |a goniometria |2 slo | |
| 650 | 4 | |a Mathematica generátor |2 slo | |
| 650 | 4 | |a generátor |2 slo | |
| 650 | 4 | |a Wolfram Mathematica |2 eng | |
| 650 | 4 | |a generator |2 eng | |
| 650 | 4 | |a trigonometric equations generator |2 eng | |
| 650 | 4 | |a Mathematica generator |2 eng | |
| 650 | 4 | |a trigonometric equation |2 eng | |
| 650 | 4 | |a trigonometry |2 eng | |
| 700 | 1 | |a Gabková, Jana |u 020080 |k Z1 |4 ths |U SjF Strojnícka fakulta |T SjF Ústav matematiky a fyziky |X 2363 |U J0080 |Y 808 |7 A000002363 | |
| 856 | 4 | |u http://is.stuba.sk/zp/portal_zp.pl?podrobnosti=148561 | |